000 00335nam a2200145 i 4500
001 bg
100 1 _aNASTAJ, W.
245 0 _aGeometria wykreślna /
_cW. Nastaj, W. Wójcik. Cz.1.
260 _aLublin,
_c1984.
700 1 _aWÓJCIK, W.
040 _cBPK
041 _apol
942 _cKS
008 s pl f |000 0 pol
999 _c3138
_d3138
856 _uhttp://koha.tu.koszalin.pl/cgi-bin/koha/opac-detail.pl?biblionumber=3138
_yKatalog online BPK